Guess the 50s Song from the Lyrics - Statistics

General Stats
  • This quiz has been taken 33 times
  • The average score is 4 of 9
Answer Stats
Hint Answer % Correct
The warden threw a party in the county jail The prison band was there, they began to wail The band was jumping, and the joint began to swing You shoulda heard those locked-out jailbirds sing [Chorus] Let's rock, everybody, let's rock Everybody in the whole cell block Was dancing to ------------------- The Jailhouse Rock
100%
--------------- , -----------------Go together like a horse and carriage This I tell ya, brother Ya can't have one without the other ---------------, ------------------ It's an institute you can't disparage Ask the local gentry And they will say it's elementary Love and Marriage
66%
Deep down in Louisiana, close to New Orleans Way back up in the woods among the evergreens There stood a log cabin made of earth and wood Where lived a country boy named -------------------- Who never ever learned to read or write so well But he could play a guitar just like a-ringin' a bell Johnny B. Goode
59%
-------------------, love me sweet Never let me go You have made my life complete And I love you so Love me Tender
52%
Somewhere ------------------Somewhere waiting for me My lover stands on golden sands And watches the ships that go sailing Somewhere ------------------- She's there watching for me If I could fly like birds on high Then straight to her arms I'd go sailing Beyond the Sea
41%
Never know how much I love you Never know how much I care When you put your arms around me I get a fever that's so hard to bear You give me ------- Fever
41%
There goes my baby with-a someone new She sure looks happy, I sure am blue She was my baby till he stepped in Goodbye to romance that might have been Bye bye love
24%
------------, I am but a fool Darling, I love you, though you treat me cruel You hurt me and you make me cry But if you leave me, I will surely die Oh Carol
21%
----------------Can make all this change in me For it's true You are my destiny When you hold my hand, I understand The magic that you do You're my dream come true Only You (And You Alone)
10%
No matching quizzes found
Score Distribution
Percent of People with Each Score
Percentile by Number Answered
Your Score History
You have not taken this quiz